Poradca podnikateľa 4/92 Zákon o mzde. Zákon o zamestnanosti - výklad k novele. Spoločnosť s ručením obmedzeným - vzor zmluvy. Roč. 3
Gespeichert in:
| Format: | Buch |
|---|---|
| Sprache: | Slowakisch |
| Veröffentlicht: |
Žilina
Poradca podnikateľa
1992
|
| Ausgabe: | 1. vyd. |
| Schlagworte: | |
| Tags: |
Keine Tags, Fügen Sie das erste Tag hinzu!
|
MARC
| LEADER | 00000nam a2200000 4500 | ||
|---|---|---|---|
| 001 | c000886 | ||
| 005 | 20221214090337.5 | ||
| 041 | 0 | |a slo | |
| 044 | |a SK | ||
| 245 | 1 | 0 | |a Poradca podnikateľa 4/92 |b Zákon o mzde. Zákon o zamestnanosti - výklad k novele. Spoločnosť s ručením obmedzeným - vzor zmluvy. Roč. 3 |
| 250 | |a 1. vyd. | ||
| 264 | 1 | |a Žilina |b Poradca podnikateľa |c 1992 | |
| 300 | |a 152 s. | ||
| 610 | 2 | 0 | |a podnikanie |
| 610 | 2 | 0 | |a podnik súkromný |
| 610 | 2 | 0 | |a zákonník práce |
| 610 | 2 | 0 | |a mzdy |
| 610 | 2 | 0 | |a ČSFR |
| 610 | 2 | 0 | |a normy právne |
| 610 | 2 | 0 | |a zmluvy hospodárske |
| 610 | 2 | 0 | |a spoločnosti akciové |
| 610 | 2 | 0 | |a tarify mzdové |
| 610 | 2 | 0 | |a zákony |
| 610 | 2 | 0 | |a odvody zo zisku |
| 610 | 2 | 0 | |a dane |
| 610 | 2 | 0 | |a register obchodný |
| 610 | 2 | 0 | |a služby |
| 610 | 2 | 0 | |a podnik malý |
| 610 | 2 | 0 | |a plánovanie podnikové |